[Event "90th ch-FRA 2015"]
[Site "Saint-Quentin FRA"]
[Date "2015.08.16"]
[Round "7.5"]
[White "Cornette, Matthieu"]
[Black "Lagarde, Maxime"]
[Result "1-0"]
[WhiteTitle "GM"]
[BlackTitle "GM"]
[WhiteElo "2586"]
[BlackElo "2540"]
[WhiteFideId "620084"]
[BlackFideId "662399"]
[EventDate "2015.08.09"]

1. e4 c5 2. Nf3 d6 3. Bb5+ Nd7 4. c3 Nf6 5. Qe2 a6 6. Ba4 e5 7. d4 b5 8. Bc2 Bb7
9. d5 Be7 10. b3 O-O 11. O-O Qc7 12. Bd2 Rfc8 13. a4 c4 14. b4 Nb6 15. a5 Nbxd5
16. exd5 Nxd5 17. Ng5 g6 18. f4 exf4 19. Nh3 Re8 20. Qf2 g5 21. Nxf4 gxf4 22.
Bxf4 Kh8 23. Bh6 Rg8 24. Qd4+ Nf6 25. Rxf6 Rxg2+ 26. Kf1 Bxf6 27. Qxf6+ Kg8 28.
Nd2 Re8 29. Re1 Rxe1+ 30. Kxe1 Qd7 31. Be4 Bxe4 32. Nxe4 Qe8 33. Kf1 d5 34. Qf3
Qxe4 35. Qxe4 1-0

[Event "90th ch-FRA 2015"]
[Site "Saint-Quentin FRA"]
[Date "2015.08.19"]
[Round "10.1"]
[White "Gharamian, Tigran"]
[Black "Shchekachev, Andrei"]
[Result "1-0"]
[WhiteTitle "GM"]
[BlackTitle "GM"]
[WhiteElo "2644"]
[BlackElo "2555"]
[WhiteFideId "13301527"]
[BlackFideId "4107730"]
[EventDate "2015.08.09"]

1. e4 c5 2. Nf3 Nc6 3. Bb5 Nf6 4. Bxc6 dxc6 5. d3 Bg4 6. h3 Bxf3 7. Qxf3 g6 8.
Be3 Nd7 9. Nd2 Bg7 10. Rb1 O-O 11. O-O b6 12. Qg3 e5 13. a3 Qe7 14. b4 Rad8 15.
Nc4 Rfe8 16. f4 exf4 17. Bxf4 Ne5 18. Bg5 Qe6 19. Bxd8 Nxc4 20. dxc4 Rxd8 21.
Rbd1 Bd4+ 22. Kh1 Re8 23. c3 Be5 24. Qd3 Re7 25. b5 cxb5 26. cxb5 Kg7 27. Rf3
Qb3 28. Qd8 Bc7 29. Qd3 Be5 30. c4 Qxd3 31. Rfxd3 Bd4 32. Re1 Re5 33. g4 f5 34.
gxf5 gxf5 35. Rf3 fxe4 36. Rf4 Rg5 37. Rfxe4 h5 38. Kh2 Rf5 39. Re7+ Kf6 40.
R1e6+ Kg5 41. Re2 Kf4 42. Rxa7 Kf3 43. Rg2 Be5+ 44. Kg1 Ke3 45. Rb7 Kd3 46. Rxb6
Bd4+ 47. Kh2 Be5+ 48. Kh1 Bd4 49. Re6 Rf1+ 50. Kh2 Kxc4 51. b6 Kd5 52. Rge2 c4
53. Re8 Bxb6 54. Rd2+ Kc6 55. Re6+ Kc5 56. Re5+ Kc6 57. Re6+ Kc5 58. Re5+ Kc6
59. Rc2 Bc7 60. Rxc4+ Kd7 61. Kg2 1-0

[Event "90th ch-FRA 2015"]
[Site "Saint-Quentin FRA"]
[Date "2015.08.19"]
[Round "10.2"]
[White "Degraeve, Jean-Marc"]
[Black "Bauer, Christian"]
[Result "0-1"]
[WhiteTitle "GM"]
[BlackTitle "GM"]
[WhiteElo "2551"]
[BlackElo "2618"]
[WhiteFideId "600270"]
[BlackFideId "603767"]
[EventDate "2015.08.09"]

1. e4 e6 2. d4 d5 3. Nd2 c5 4. Ngf3 cxd4 5. Nxd4 Nf6 6. exd5 Nxd5 7. N2f3 Bb4+
8. Bd2 O-O 9. c3 Be7 10. Bd3 Nd7 11. O-O e5 12. Nf5 Bf6 13. Bc2 Nc5 14. Ng3 Re8
15. Re1 g6 16. Bh6 a5 17. Ne4 Nxe4 18. Bxe4 Be6 19. Qc1 Qb6 20. Ng5 Rad8 21.
Nxe6 Qxe6 22. Qc2 Bg7 23. Bg5 Bf6 24. Bd2 Nf4 25. c4 b6 26. Be3 Be7 27. a3 Bc5
28. Rad1 Rxd1 29. Rxd1 Rc8 30. Bd5 Qf6 31. Bxc5 Rxc5 32. b4 axb4 33. axb4 Rc7
34. Be4 Qe7 35. c5 bxc5 36. b5 Qe6 37. Qb2 Rd7 38. Ra1 Rd4 39. Bc6 Qd6 40. h3
Kg7 41. Ra7 c4 42. Kh2 Rd3 43. Rd7 Qc5 44. Rxd3 Nxd3 45. Qc3 h5 46. f4 Nxf4 47.
b6 Ne2 48. Qe1 Qxc6 49. Qxe2 Qxb6 50. Qxc4 Qd4 51. Qc7 Qf4+ 52. Kh1 Qf1+ 53. Kh2
Qf4+ 54. Kh1 h4 55. Kg1 Qd4+ 56. Kh1 g5 57. Qe7 Qf4 58. Kg1 e4 59. Kh1 Qf1+ 60.
Kh2 Qf4+ 61. Kh1 e3 62. Kg1 g4 63. hxg4 h3 64. gxh3 Qg3+ 65. Kh1 Qxh3+ 66. Kg1
Qg3+ 67. Kh1 Qh3+ 68. Kg1 Qxg4+ 69. Kf1 Qf3+ 70. Kg1 Qf2+ 71. Kh1 Qf6 72. Qe8
Qh4+ 73. Kg2 Qg4+ 74. Kf1 Qf3+ 75. Kg1 e2 76. Qe5+ Kg6 77. Qd6+ f6 0-1

[Event "90th ch-FRA 2015"]
[Site "Saint-Quentin FRA"]
[Date "2015.08.19"]
[Round "10.3"]
[White "Moussard, Jules"]
[Black "Bacrot, Etienne"]
[Result "0-1"]
[WhiteTitle "IM"]
[BlackTitle "GM"]
[WhiteElo "2487"]
[BlackElo "2694"]
[WhiteFideId "642908"]
[BlackFideId "605506"]
[EventDate "2015.08.09"]

1. Nf3 d5 2. e3 Nf6 3. c4 e6 4. Nc3 Be7 5. b3 O-O 6. Bb2 b6 7. Be2 Bb7 8. O-O c5
9. d4 Nbd7 10. cxd5 exd5 11. Rc1 a6 12. Rc2 Rc8 13. Qa1 Re8 14. dxc5 bxc5 15.
Na4 Bd6 16. Rfc1 Qe7 17. Ne1 h5 18. Nd3 Ng4 19. h3 Nxe3 20. fxe3 Qxe3+ 21. Kf1
d4 22. Naxc5 Nxc5 23. Bxd4 Bxg2+ 24. Kxg2 Qg3+ 25. Kf1 Qxh3+ 26. Kg1 Bh2+ 27.
Kh1 Bg3+ 0-1

[Event "90th ch-FRA 2015"]
[Site "Saint-Quentin FRA"]
[Date "2015.08.19"]
[Round "10.4"]
[White "Edouard, Romain"]
[Black "Istratescu, Andrei"]
[Result "1/2-1/2"]
[WhiteTitle "GM"]
[BlackTitle "GM"]
[WhiteElo "2634"]
[BlackElo "2619"]
[WhiteFideId "633429"]
[BlackFideId "1200372"]
[EventDate "2015.08.09"]

1. d4 Nf6 2. c4 g6 3. Nc3 d5 4. Nf3 Bg7 5. h4 dxc4 6. e4 c5 7. d5 O-O 8. Bxc4 b5
9. Bxb5 Nxe4 10. Nxe4 Qa5+ 11. Nc3 Bxc3+ 12. bxc3 Qxb5 13. h5 Qc4 14. hxg6 fxg6
15. Rh4 Qxc3+ 16. Bd2 Qd3 17. Bg5 Qxd1+ 18. Rxd1 Rf5 19. Re4 Bb7 20. Rxe7 Bxd5
21. Re8+ Kf7 22. Re7+ Kg8 23. Re8+ Kf7 24. Re7+ Kg8 1/2-1/2

[Event "90th ch-FRA 2015"]
[Site "Saint-Quentin FRA"]
[Date "2015.08.19"]
[Round "10.5"]
[White "Gozzoli, Yannick"]
[Black "Lagarde, Maxime"]
[Result "1/2-1/2"]
[WhiteTitle "GM"]
[BlackTitle "GM"]
[WhiteElo "2561"]
[BlackElo "2540"]
[WhiteFideId "616915"]
[BlackFideId "662399"]
[EventDate "2015.08.09"]

1. d4 Nf6 2. c4 g6 3. Nc3 d5 4. Nf3 Bg7 5. cxd5 Nxd5 6. e4 Nxc3 7. bxc3 c5 8.
Rb1 O-O 9. Be2 cxd4 10. cxd4 Qa5+ 11. Bd2 Qxa2 12. O-O Bg4 13. Rxb7 Bxf3 14.
Bxf3 Bxd4 15. Bb4 Rd8 16. Qc1 Na6 17. Bxe7 Rac8 18. Qf4 Nc5 19. Bxc5 Rxc5 20.
Bd1 Be5 21. Qh4 Rf8 22. Bb3 Qa5 23. Bd5 Rc7 24. Rb3 Rc3 25. Rb7 Rc7 26. Rb3 Rc3
27. Rb7 Rc7 1/2-1/2

[Event "90th ch-FRA 2015"]
[Site "Saint-Quentin FRA"]
[Date "2015.08.19"]
[Round "10.6"]
[White "Maze, Sebastien"]
[Black "Cornette, Matthieu"]
[Result "1/2-1/2"]
[WhiteTitle "GM"]
[BlackTitle "GM"]
[WhiteElo "2573"]
[BlackElo "2586"]
[WhiteFideId "613762"]
[BlackFideId "620084"]
[EventDate "2015.08.09"]

1. e4 e6 2. d4 d5 3. e5 c5 4. c3 Nc6 5. Nf3 Bd7 6. Be2 f6 7. O-O fxe5 8. dxe5
Nh6 9. c4 d4 10. Bxh6 gxh6 11. b4 cxb4 12. Nxd4 Nxe5 13. Nd2 Bg7 14. Qc2 O-O 15.
N2b3 Qe7 16. Rad1 b6 17. Qe4 Ng6 18. Qb7 Rfb8 19. Qe4 Rf8 20. Qb7 Rfb8 21. Qe4
Rf8 1/2-1/2